000 00907nam a22002411 4500
001 105238
003 ES-MaACL
007 t|
008 060620s1971 sp ||||0| spa d
016 7 _zIND9200523967
040 _aM-BN
_bspa
_cA2
080 _a330.115
100 1 _aLópez Nieto, Antonio.
_973826
245 1 0 _aCálculo de criterios en el análisis económico de proyectos /
_cpor Antonio López Nieto.
260 _aMadrid :
_b[Escuela Nacional de Administración Pública],
_c1971.
300 _a215 p :
_bil. ;
_c19 cm.
490 1 _aEstudios del Instituto de Desarrollo Económico. Serie azul ;
_v2
650 1 7 _aEconomía matemática
_2embne
_912034
710 2 _aEscuela Nacional de Administración Pública (España)
_93576
830 0 _aEstudios del Instituto de Desarrollo Económico. Serie azul ;
_v2
_9232697
852 _aES-MaACL
_jE-6675
_bR.90585
999 _c105238
_d105238